| 000 | 00666cam a2200193 4500 | ||
|---|---|---|---|
| 001 | WS104699 | ||
| 008 | 000000n 000 0 eng u | ||
| 035 | _a(Sirsi) u104699 | ||
| 110 | 1 |
_aEmap Construct Ltd _93840 |
|
| 245 | _aArchitect's Journal | ||
| 520 | _aWeb site for this journal giving product and company directories, searchable archives and job adverts. | ||
| 650 | _aJOURNALS | ||
| 650 | _aBUILT ENVIRONMENT-BUILDING MATERIALS | ||
| 650 | _aBUILT ENVIRONMENT-BUILDING MATERIALS | ||
| 650 | _aARCHITECTURE | ||
| 690 | _aBUILT ENVIRONMENT | ||
| 856 | 4 | 0 |
_uhttps://www.ajplus.co.uk/ _zView the website free of charge at www.ajplus.co.uk/... |
| 942 | _n0 | ||
| 999 |
_c119443 _d119443 |
||